000
00186nam a22000977a 4500
999
_c
533525
_d
533525
040
_c
dlc
082
_a
599.938
100
_a
Paul Jordan
_9
27466
245
_a
Early Man
942
_2
ddc
_c
BK